[Event "Chigorin Memorial"]
[Site "St Petersburg RUS"]
[Date "2012.11.04"]
[Round "9.167"]
[White "Panov,Konstantin"]
[Black "Hyotyla,T"]
[Result "0-1"]
[WhiteElo "1607"]
[BlackElo "1795"]

1.e4 d6 2.d4 g6 3.Nf3 Bg7 4.c4 Nf6 5.Nc3 O-O 6.Be2 Nc6 7.O-O e5 8.d5 Ne7
9.Be3 Ng4 10.Bg5 h6 11.Bxe7 Qxe7 12.h3 Nf6 13.Nh2 Nh7 14.Qc2 f5 15.Bd3 f4
16.Be2 h5 17.b4 Ng5 18.Nf3 Nxf3+ 19.Bxf3 Qg5 20.Kh2 Qh4 21.Qd1 Kh7 22.Nb5 Rf7
23.Qe2 a6 24.Nc3 Kh6 25.Rh1 Bd7 26.Kg1 Rc8 27.Kf1 c6 28.Qd3 Bf8 29.Ke2 Qd8
30.g4 fxg3 31.fxg3 g5 32.g4 Rf4 33.Rag1 Be7 34.gxh5 Rb8 35.Bg4 Be8 36.a3 Bf7
37.Rf1 Qe8 38.Rxf4 gxf4 39.Qf3 Qd8 40.Rg1 Bh4 41.Be6 Bxh5 42.Bg4 Qg5 43.dxc6 bxc6
44.Rd1 Rd8 45.Bxh5 Qxh5 46.Qxh5+ Kxh5 47.c5 Be7 48.cxd6 Rxd6 49.Rxd6 Bxd6
50.Kf3 Bb8 51.Na4 Ba7 52.Nb2 Bb6 53.Nc4 Bd4 54.Nd2 Kg5 55.Nb1 c5 56.bxc5 Bxc5
57.a4 Bb4 58.Kf2 Kh4 59.Kg2 f3+ 60.Kxf3 Kxh3 61.Ke3 Kg3 62.Kd3 a5 63.Nc3 Bxc3
64.Kxc3 Kf4 65.Kd3 Kf3 66.Kc4 Kxe4 67.Kb5 Kd5 68.Kxa5 Kc5 69.Ka6 e4 70.a5 e3
71.Kb7 e2 72.a6 e1=Q 73.a7 Qe7+ 74.Kb8 Kb6 75.a8=N+ Kc6 76.Nb6 Kxb6 77.Kc8 Qc7+  0-1

[Event "US Chess League 2012"]
[Site "ICC INT"]
[Date "2012.11.05"]
[Round "10"]
[White "Milat,M"]
[Black "Kiewra,K"]
[Result "0-1"]
[WhiteElo "2300"]
[BlackElo "2421"]

1.Nf3 Nf6 2.d4 g6 3.c4 Bg7 4.Nc3 O-O 5.e4 d6 6.Be2 e5 7.O-O Nc6 8.d5 Ne7
9.b4 Nh5 10.g3 f5 11.Ng5 Nf6 12.Bf3 Kh8 13.Bg2 fxe4 14.Ncxe4 Nxe4 15.Bxe4 Nf5
16.a4 a5 17.b5 Qe7 18.Ra3 h6 19.Ne6 Bxe6 20.dxe6 Rab8 21.g4 Nh4 22.g5 Qxe6
23.gxh6 Bf6 24.Qe2 Nf5 25.Bd5 Nd4 26.Qe4 Qf5 27.Bxb7 Rxb7 28.Qxb7 e4 29.Rg3 Ne2+
30.Kg2 Be5 31.Qxc7 Nxc1 32.Rxc1 Qxf2+ 33.Kh3 e3 34.Qa7 Qf5+ 35.Kg2 e2 36.Qg1 Qe4+
37.Kh3 Bxg3 38.hxg3 Rf5 39.g4 Rf3+ 40.Kh4 Qf4  0-1

[Event "Subzonal 2.3 2012"]
[Site "Pamplona COL"]
[Date "2012.11.07"]
[Round "5.9"]
[White "Rios,Cr"]
[Black "Contreras,H"]
[Result "1-0"]
[WhiteElo "2351"]
[BlackElo "2211"]

1.d4 Nf6 2.c4 g6 3.Nc3 Bg7 4.e4 d6 5.Nf3 O-O 6.Be2 e5 7.O-O Nc6 8.d5 Ne7
9.b4 Ne8 10.c5 f5 11.Ba3 Kh8 12.b5 Nf6 13.Ng5 Ne8 14.cxd6 Nxd6 15.Ne6 Bxe6
16.dxe6 fxe4 17.Rc1 Re8 18.Nd5 Nxd5 19.Qxd5 Qe7 20.Rfd1 Rad8 21.Bb2 e3 22.fxe3 Qg5
23.Bf3 Re7 24.Kh1 Rde8 25.e4 h5 26.Rc3 Qf6 27.a4 b6 28.Rdc1 Rxe6 29.Rxc7 Rd8
30.Rxa7 Nf5 31.Ra8 Ree8 32.Rxd8 Rxd8 33.Bxe5 Qh4 34.Bxg7+ Nxg7 35.Qe5 Re8
36.Qd4 Kh7 37.Qxb6 Qf4 38.Qc7 Qd2 39.a5 Re5 40.Rd1 Qb2 41.b6 Rxa5 42.b7 Rb5
43.e5 Kh6 44.h3 Ne6 45.Qd6 Nc5 46.b8=Q Rxb8 47.Qxc5  1-0

[Event "WY GU16 2012"]
[Site "Maribor SLO"]
[Date "2012.11.08"]
[Round "1.41"]
[White "Mendez Tovar,Rosario Trin"]
[Black "Hakimifard,R"]
[Result "0-1"]
[WhiteElo "1608"]
[BlackElo "1954"]

1.d4 Nf6 2.c4 g6 3.Nc3 Bg7 4.e4 d6 5.Nf3 O-O 6.Be2 Nc6 7.O-O e5 8.d5 Ne7
9.b4 Nh5 10.Re1 f5 11.Ng5 Nf4 12.Bf3 h6 13.Ne6 Nxe6 14.dxe6 c6 15.Ba3 Bxe6
16.Qb3 b5 17.Be2 Nc8 18.Qc2 bxc4 19.Na4 Nb6 20.Nb2 fxe4 21.Qxe4 Qf6 22.f3 d5
23.Qc2 Rfd8 24.Rac1 Qg5 25.Bf1 Kh7 26.Kh1 Nc8 27.Na4 Nd6 28.Nc5 Bf7 29.Qa4 Rdc8
30.Rcd1 Qd8 31.Qa6 Qc7 32.Qa4 a5 33.Qc2 Nb5 34.Qc1 Nxa3 35.Qxa3 axb4 36.Qxb4 Rcb8
37.Qd2 Ra5 38.Qf2 Qa7 39.f4 Qxc5 40.Qxc5 Rxc5 41.fxe5 Re8 42.Rb1 Rb5 43.Rbc1 Rxe5  0-1

[Event "WY GU18 2012"]
[Site "Maribor SLO"]
[Date "2012.11.08"]
[Round "1.28"]
[White "Matlin,A"]
[Black "Perera,Panchali"]
[Result "1-0"]
[WhiteElo "2064"]
[BlackElo "1674"]

1.d4 Nf6 2.c4 g6 3.Nc3 Bg7 4.e4 d6 5.Nf3 O-O 6.Be2 e5 7.O-O Nc6 8.d5 Ne7
9.b4 a5 10.Ba3 axb4 11.Bxb4 b6 12.a4 Bd7 13.a5 bxa5 14.Bxa5 Qb8 15.c5 c6
16.Rb1 Qa7 17.Bb6 Qa3 18.Rb3  1-0

[Event "WY BU14 2012"]
[Site "Maribor SLO"]
[Date "2012.11.08"]
[Round "1.29"]
[White "Sibashvili,G"]
[Black "Oner,Oguz"]
[Result "1-0"]
[WhiteElo "2200"]
[BlackElo "1778"]

1.d4 Nf6 2.c4 g6 3.Nc3 Bg7 4.e4 d6 5.Nf3 O-O 6.Be2 e5 7.O-O Nc6 8.d5 Ne7
9.Ne1 Ne8 10.Be3 f5 11.f3 f4 12.Bf2 g5 13.Rc1 Ng6 14.Nd3 Rf7 15.c5 Bf8 16.cxd6 cxd6
17.Qb3 h5 18.Nb5 g4 19.Kh1 a6 20.Nc3 Qg5 21.Na4 g3 22.Nb6 Bh3 23.Rg1 gxf2
24.Nxf2 Rd8 25.gxh3  1-0

[Event "WY BU16 2012"]
[Site "Maribor SLO"]
[Date "2012.11.09"]
[Round "2.21"]
[White "Kowsarinia,A"]
[Black "Marutkins,O"]
[Result "1-0"]
[WhiteElo "2262"]
[BlackElo "2095"]

1.d4 Nf6 2.c4 g6 3.Nc3 Bg7 4.e4 d6 5.Nf3 O-O 6.Be2 e5 7.O-O Nc6 8.d5 Ne7
9.Ne1 Nd7 10.f3 f5 11.g4 f4 12.h4 Kf7 13.Rf2 Ng8 14.Rh2 Bf6 15.Ng2 Be7 16.Bd2 Ndf6
17.Rc1 Kg7 18.Be1 Qd7 19.Rh1 Bd8 20.Bf2 h5 21.g5 Ng4 22.fxg4 hxg4 23.c5 f3
24.Bb5 c6 25.dxc6 bxc6 26.Ba4 g3 27.Bxg3 Qg4 28.Kf2 fxg2+ 29.Kxg2 Rb8 30.Rc2 Qxd1
31.Rxd1 Bg4 32.Rdd2 Rb4 33.a3 Rc4 34.cxd6 Bf3+ 35.Kh2 Kh7 36.Bb3 Rc5 37.Rf2 Bb6
38.Rf1 Ra5 39.Rd2 Bd4 40.Rd3  1-0

[Event "WY GU18 2012"]
[Site "Maribor SLO"]
[Date "2012.11.10"]
[Round "3"]
[White "Chumpitaz,A"]
[Black "Saranya,J"]
[Result "1/2-1/2"]
[WhiteElo "2219"]
[BlackElo "2166"]

1.d4 Nf6 2.c4 g6 3.Nc3 Bg7 4.e4 d6 5.Nf3 O-O 6.Be2 e5 7.O-O Nc6 8.d5 Ne7
9.b4 a5 10.bxa5 Rxa5 11.a4 Nd7 12.Ba3 f5 13.Bb4 Ra8 14.Ng5 Nc5 15.Bxc5 dxc5
16.Qb3 Ra6 17.Rfd1 Bf6 18.Ne6 Bxe6 19.dxe6 Qc8 20.Qb5 Rxe6 21.Qxc5 Nc6 22.Nd5 Nd4
23.Nxf6+ Rfxf6 24.Rxd4 exd4 25.e5 Rf8 26.Qxd4 Rd8 27.Qb2 Qd7 28.c5 Qd5 29.Qc1 Qxe5
30.Bc4 Rd5 31.h3 Rc6 32.Bxd5+ Qxd5 33.Qg5 Qxc5 34.Re1 Qf8 35.Re7 Qf6 36.Qxf6 Rxf6
37.Rxc7 Ra6 38.Rxb7 Rxa4 39.Kh2  1/2-1/2

[Event "WY BU18 2012"]
[Site "Maribor SLO"]
[Date "2012.11.10"]
[Round "3.15"]
[White "Andersen,Mad"]
[Black "Ochsner,B"]
[Result "1-0"]
[WhiteElo "2482"]
[BlackElo "2324"]

1.d4 Nf6 2.c4 g6 3.Nc3 Bg7 4.e4 d6 5.Nf3 O-O 6.Be2 e5 7.O-O Nc6 8.Be3 Ng4
9.Bg5 f6 10.Bc1 Kh8 11.h3 exd4 12.Nxd4 Nxd4 13.Qxd4 f5 14.Qd1 Ne5 15.f4 Nc6
16.exf5 Bxf5 17.Be3 Qd7 18.Qd2 a5 19.Rad1 Qf7 20.b3 Nb4 21.Bf3 c6 22.Kh1 Rfd8
23.Bb6 Rd7 24.a3 Na6 25.Ne4 d5 26.cxd5 cxd5 27.Ng3 Qf6 28.Qxa5 Nc7 29.Qb4 d4
30.Nxf5 gxf5 31.Rd3 Ra6 32.Bxc7 Rxc7 33.Rfd1 Rb6 34.Qa5 Rc8 35.b4 Rd8 36.Qc5 Bf8
37.Qc7  1-0

[Event "WY BU16 2012"]
[Site "Maribor SLO"]
[Date "2012.11.10"]
[Round "3.31"]
[White "Olund,Joar"]
[Black "Urbanc,P"]
[Result "1-0"]
[WhiteElo "2175"]
[BlackElo "1962"]

1.d4 Nf6 2.c4 g6 3.Nc3 Bg7 4.e4 d6 5.Nf3 O-O 6.Be2 e5 7.O-O Nc6 8.d5 Ne7
9.Ne1 Nd7 10.Nd3 f5 11.Bd2 Nf6 12.f3 f4 13.g4 h5 14.g5 Nh7 15.h4 c6 16.Be1 a6
17.Rf2 Rb8 18.Bf1 Bd7 19.a3 c5 20.b4 b6 21.Rb1 Qc7 22.a4 Rfc8 23.Rfb2 cxb4
24.Nxb4 Qa7 25.Bf2 Qa8 26.Nba2 b5 27.cxb5 axb5 28.Bxb5 Bxb5 29.Nxb5 Qa6 30.Nb4 Qa5
31.Nc6 Nxc6 32.dxc6 Bf8 33.Qd5+ Kh8 34.c7 Rxc7 35.Nxc7 Qxc7 36.Rxb8 Qc3 37.Qf7  1-0

[Event "WY GU18 2012"]
[Site "Maribor SLO"]
[Date "2012.11.12"]
[Round "5.13"]
[White "Matlin,A"]
[Black "Saranya,J"]
[Result "0-1"]
[WhiteElo "2064"]
[BlackElo "2166"]

1.d4 Nf6 2.c4 g6 3.Nc3 Bg7 4.e4 d6 5.Nf3 O-O 6.Be2 e5 7.O-O Nc6 8.d5 Ne7
9.b4 a5 10.Ba3 Ne8 11.c5 f5 12.Nd2 g5 13.bxa5 Rxa5 14.Bb4 Ra8 15.cxd6 cxd6
16.exf5 Nxf5 17.Nce4 Nd4 18.Bh5 Nf5 19.Nc4 Nf6 20.Nxg5 b5 21.Nb2 h6 22.Ne6 Bxe6
23.dxe6 Nxh5 24.Qxh5 Qe7 25.a3 Qxe6 26.Rac1 Nd4 27.Rc7 Rac8 28.Rxc8 Rxc8
29.Nd1 Nc2 30.f4 exf4 31.Qxb5 Nd4 32.Qb6 Be5 33.Nc3 f3 34.gxf3 Kh8 35.Ne4 Qh3
36.f4 Qe3+ 37.Rf2 Rc1+ 38.Kg2 Qxe4+ 39.Kh3 Qf5+ 40.Kh4 Bf6+  0-1

[Event "WY BU18 2012"]
[Site "Maribor SLO"]
[Date "2012.11.12"]
[Round "5.22"]
[White "Torres Rosas,L"]
[Black "Ochsner,B"]
[Result "0-1"]
[WhiteElo "2243"]
[BlackElo "2324"]

1.d4 Nf6 2.c4 g6 3.Nc3 Bg7 4.e4 d6 5.Nf3 O-O 6.Be2 e5 7.O-O Nc6 8.d5 Ne7
9.Ne1 Nd7 10.Nd3 f5 11.Bd2 c6 12.f3 Nf6 13.Rc1 c5 14.Rb1 b6 15.b4 f4 16.bxc5 bxc5
17.Qa4 g5 18.Nf2 h5 19.h3 Rf7 20.Rb3 Bf8 21.Rfb1 Rg7 22.Nb5 a6 23.Na3 Nd7
24.Ba5 Qe8 25.Bc7 Nf6 26.Qxe8 Nxe8 27.Ba5 Ng6 28.Rb8 Rga7 29.Bd1 Bd7 30.R1b7 Rxb7
31.Rxa8 Rb2 32.Bb3 g4 33.hxg4 hxg4 34.Kf1 gxf3 35.gxf3 Nh4 36.Bc3 Rxb3 37.axb3 Nxf3
38.Nb1 Nf6 39.Nd2 Nxd2+ 40.Bxd2 Be8 41.Ba5 Be7 42.Ke2 Kg7 43.Bd8 Kf8 44.Bxe7+ Kxe7
45.Ra7+ Nd7 46.Rxa6 Bg6 47.Ra7 Ke8 48.Kf3 Nf6 49.Rg7 Bh5+ 50.Kg2 Kf8 51.Ra7 Bg6
52.Kh3 Nxe4 53.Nxe4 Bxe4 54.Kh2 Ke8 55.Rb7 Bd3 56.b4 cxb4 57.Rxb4 e4 58.Kg2 Ke7
59.c5 dxc5 60.Rb6 c4 61.Rc6 e3 62.Kf3 Kd7 63.Re6 c3  0-1

[Event "WY BU16 2012"]
[Site "Maribor SLO"]
[Date "2012.11.12"]
[Round "5.19"]
[White "Kowsarinia,A"]
[Black "Liu,Dennis"]
[Result "1-0"]
[WhiteElo "2262"]
[BlackElo "1909"]

1.d4 Nf6 2.c4 g6 3.Nc3 Bg7 4.e4 d6 5.Nf3 O-O 6.Be2 e5 7.O-O Nc6 8.d5 Ne7
9.Ne1 Nd7 10.f3 a5 11.Be3 f5 12.Nd3 f4 13.Bf2 g5 14.c5 Nf6 15.cxd6 cxd6 16.Rc1 Bd7
17.b3 h5 18.Nb2 Nc8 19.Nb5 Bxb5 20.Bxb5 g4 21.Kh1 Bh6 22.Rc3 Kh8 23.Qc2 Rg8
24.Rc1 g3 25.Bg1 gxh2 26.Bf2 Nh7 27.Rc7 Qg5 28.Bf1 h4 29.Kxh2 Qh5 30.Qe2 Ng5
31.R1c3 b5 32.Rb7 b4 33.Rcc7 Bf8 34.Nd3 Rg6 35.Kh1 h3 36.gxh3 Rh6 37.Nxf4 Qxf3+
38.Qxf3 Nxf3 39.Ne6 Be7 40.Bg2 Bh4 41.Be3 Rf6 42.Rh7+  1-0

[Event "WY GU16 2012"]
[Site "Maribor SLO"]
[Date "2012.11.12"]
[Round "6.6"]
[White "Saikhanzaya,Ganbaatar"]
[Black "Rodionova,Polina"]
[Result "0-1"]
[WhiteElo "1904"]
[BlackElo "2040"]

1.d4 Nf6 2.c4 g6 3.Nc3 Bg7 4.e4 d6 5.Be2 O-O 6.Nf3 e5 7.O-O Nc6 8.d5 Ne7
9.b4 a5 10.Ba3 Nd7 11.bxa5 Rxa5 12.Bb4 Ra8 13.a4 f5 14.Ng5 Nf6 15.c5 h6 16.cxd6 cxd6
17.Ne6 Qb6 18.Bb5 Bxe6 19.dxe6 Rfd8 20.a5 Qd4 21.Qb3 Nxe4 22.Rad1 Nc5 23.Qa3 Qh4
24.Bxc5 dxc5 25.Qxc5 Rxd1 26.Rxd1 Rc8 27.Qa3 e4 28.g3 Qf6 29.Ne2 g5 30.Qe3 Qe5
31.Bd7 Rc2 32.Kf1 Qxa5  0-1

[Event "WY GU16 2012"]
[Site "Maribor SLO"]
[Date "2012.11.12"]
[Round "6.6"]
[White "Saikhanzaya,Ganbaatar"]
[Black "Rodionova,Polina"]
[Result "0-1"]
[WhiteElo "1904"]
[BlackElo "2040"]

1.d4 Nf6 2.c4 g6 3.Nc3 Bg7 4.e4 d6 5.Be2 O-O 6.Nf3 e5 7.O-O Nc6 8.d5 Ne7
9.b4 a5 10.Ba3 Nd7 11.bxa5 Rxa5 12.Bb4 Ra8 13.a4 f5 14.Ng5 Nf6 15.c5 h6 16.cxd6 cxd6
17.Ne6 Qb6 18.Bb5 Bxe6 19.dxe6 Rfd8 20.a5 Qd4 21.Qb3 Nxe4 22.Rad1 Nc5 23.Qa3 Qh4
24.Bxc5 dxc5 25.Qxc5 Rxd1 26.Rxd1 Rc8 27.Qa3 e4 28.g3 Qf6 29.Ne2 g5 30.Qe3 Qe5
31.Bd7 Rc2 32.Kf1 Qxa5 33.Be8 b5 34.Bf7+ Kh7 35.Rd7 Rc7 36.g4 Qa1+ 37.Kg2 Qe5
38.Rxc7 Qxc7 39.gxf5 Qe5 40.Ng3 b4 41.Qxe4 Qxe4+ 42.Nxe4 Nxf5 43.Nc5 Bf8
44.Nb3 Kg7 45.Be8 Kf6 46.Bd7 Ng7 47.Kf3 Nxe6 48.Ke4 h5 49.f3 h4 50.h3 g4
51.fxg4 Ng5+ 52.Kd3 Nxh3 53.Nd4 Ng5 54.Nf5 h3 55.Bc6 Ke5 56.Nh4 Kf6 57.Bh1 Nf7
58.Nf3 Ne5+ 59.Ke2 Nxg4 60.Nd4 Ke5 61.Nc6+ Kf4 62.Bd5 Ne3 63.Nxb4 Bxb4 64.Bh1 Bc5
65.Kf2 Ng2+  0-1

[Event "Brno Open 2012"]
[Site "Brno CZE"]
[Date "2012.11.14"]
[Round "6"]
[White "Kuchynka,Lub"]
[Black "Svoboda,I"]
[Result "1-0"]
[WhiteElo "2005"]
[BlackElo "2005"]

1.d4 Nf6 2.Nf3 g6 3.c4 Bg7 4.Nc3 d6 5.e4 O-O 6.Be2 e5 7.O-O Nc6 8.d5 Ne7
9.b4 Nd7 10.Re1 f5 11.Ng5 Nf6 12.Bf3 h6 13.Ne6 Bxe6 14.dxe6 f4 15.Bb2 Nh7
16.c5 Ng5 17.Nb5 dxc5 18.bxc5 c6 19.Nd6 Qc7 20.Ba3 Kh8 21.Qb3 Rab8 22.Red1 Bf6
23.Rd2 b6 24.Rad1 bxc5 25.Qc4 Qa5 26.Bxc5 Kg7 27.Rc2 h5 28.Be2 h4 29.h3 f3
30.Bxf3 Nxf3+ 31.gxf3 Rbd8 32.Rc3 Bg5 33.Ra3 Qc7 34.Rxa7 Qb8 35.Kg2 Kg8 36.Rb7 Qxb7
37.Nxb7 Rxd1 38.Nd6 Rb8 39.f4 Bxf4 40.Nf7 Rc1 41.Qa4 Rxc5 42.Qa7 Rcb5 43.Qxe7 R5b7
44.Qf6 g5 45.Qh8+  1-0

[Event "WY GU16 2012"]
[Site "Maribor SLO"]
[Date "2012.11.14"]
[Round "7.33"]
[White "Aseeva,A"]
[Black "Dall'orsoletta,Alaize"]
[Result "0-1"]
[WhiteElo "2023"]
[BlackElo "1765"]

1.d4 Nf6 2.c4 g6 3.Nc3 Bg7 4.e4 d6 5.Be2 O-O 6.Nf3 e5 7.O-O Nc6 8.d5 Ne7
9.Ne1 Nd7 10.Nd3 f5 11.b4 a5 12.Ba3 Nf6 13.f3 axb4 14.Bxb4 b6 15.a4 Bh6 16.Nf2 Be3
17.Kh1 f4 18.a5 Nh5 19.axb6 Rxa1 20.Qxa1 Ng3+ 21.Kg1 Nxf1 22.Kxf1 Bxb6 23.Nd3 c5
24.Ba3 Bd7 25.Nd1 Qa8 26.Qc1 Qa6 27.Bb2 Ba5 28.Kf2 g5 29.g3 Ng6 30.Qa1 Ra8
31.Qc1 Ba4 32.Kg2 Bb3 33.N3f2 Bb4 34.Ng4 Kg7 35.Ngf2 Ba3 36.Bxa3 Qxa3 37.Qxa3 Rxa3
38.Kf1 Ra1 39.Ke1 Rc1 40.Kd2 Rc2+ 41.Ke1 Ne7 42.Bd3 Rc1 43.Kd2 Ra1 44.Nc3 Nc8
45.Nb5 Ra2+ 46.Ke1 Ra4 47.Kd2 Bxc4 48.Nc3 Rb4 49.Bc2 Bf1 50.g4 Nb6 51.Nd3 Bxd3
52.Kxd3 Rb2 53.h3 Kf7 54.Nd1 Ra2 55.Nc3 Ra1 56.Bd1 Ke7 57.Kc2 Nc4 58.Kb3 Ne3
59.Be2 Rh1 60.Ka4 Rxh3 61.Kb5 Nxg4 62.Kc6 Nf6 63.Nb5 Ne8 64.Na7 Kd8 65.Kb6 Rh2
66.Bb5 Ke7 67.Nc8+ Kf7 68.Bd7 Rh6 69.Bf5 c4 70.Bd7 c3 71.Ba4 g4 72.fxg4 f3
73.g5 Rg6 74.Bd1 f2 75.Be2 c2  0-1

[Event "WY GU16 2012"]
[Site "Maribor SLO"]
[Date "2012.11.15"]
[Round "8.4"]
[White "Saduakassova,D"]
[Black "Amrayeva,Aytan"]
[Result "1-0"]
[WhiteElo "2297"]
[BlackElo "1990"]

1.d4 Nf6 2.c4 g6 3.Nc3 Bg7 4.e4 d6 5.Nf3 O-O 6.Be2 e5 7.O-O Nc6 8.d5 Ne7
9.b4 a5 10.bxa5 Rxa5 11.a4 Nd7 12.Nd2 Nc5 13.Nb3 Nxb3 14.Qxb3 f5 15.f3 b6
16.Bd2 Bd7 17.Nb5 Ra8 18.a5 Nc8 19.axb6 Rxa1 20.Rxa1 Nxb6 21.Be3 fxe4 22.fxe4 Na8
23.c5 Qh4 24.cxd6 Bxb5 25.Bxb5 cxd6 26.Qc2 Bh6 27.Bf2 Qf6 28.Ra7 Qd8 29.h3 Nb6
30.Rb7 Nc8 31.Qc7 Qxc7 32.Rxc7 Bg5 33.h4 Bf6 34.Ba6 Ne7 35.Rd7 Nc8 36.g3 g5
37.h5 g4 38.Be2 Rf7 39.Bxg4 Rxd7 40.Bxd7 Ne7 41.Be1 Kf8 42.Bb4 Kg7 43.Kg2 Kh6
44.g4 Kg5 45.Kg3 Bg7 46.Bxd6 Ng8 47.Bb4 Kf6 48.Be6 Nh6 49.Ba5 Nf7 50.Bxf7 Kxf7
51.g5 h6 52.g6+ Ke8 53.Kg4 Kd7 54.Kf5 Kd6 55.Bd8 Kd7 56.Bf6  1-0

[Event "WY BU14 2012"]
[Site "Maribor SLO"]
[Date "2012.11.16"]
[Round "9.22"]
[White "Blahynka,M"]
[Black "Christiansen,Johan-Sebastian"]
[Result "1/2-1/2"]
[WhiteElo "2153"]
[BlackElo "2062"]

1.d4 Nf6 2.c4 g6 3.Nc3 Bg7 4.e4 d6 5.Nf3 O-O 6.Be2 e5 7.O-O Nc6 8.d5 Ne7
9.b4 Ne8 10.c5 f5 11.Ng5 Nf6 12.f3 h6 13.Ne6 Bxe6 14.dxe6 d5 15.exd5 Nfxd5
16.Nxd5 Qxd5 17.Qxd5 Nxd5 18.Bc4 c6 19.Rd1 Rfe8 20.Bxd5 cxd5 21.Rxd5 e4 22.Rb1 Rxe6
23.Bb2 Bxb2 24.Rxb2 Rae8 25.Rd7 R6e7 26.Rxe7 Rxe7 27.b5 exf3 28.gxf3 Rc7
29.b6 axb6 30.cxb6 Rc6 31.a4 Rc4 32.Rd2 Kf7 33.Rd7+ Kf6 34.Rxb7 Rxa4 35.Kg2 Kg5
36.Rh7 Rb4 37.b7 Kf4 38.Rxh6 Rb2+ 39.Kh3 g5 40.Rg6 Rxb7 41.Ra6 Rb3 42.Kg2 Rb2+
43.Kg1 Kxf3 44.Ra3+ Kg4 45.Rg3+ Kh4 46.Rf3 f4 47.Ra3 Kg4 48.Rc3 Re2 49.Ra3 Re3
50.Ra5 Kf3 51.Ra1 Rb3 52.Rf1+ Ke2 53.Rf2+ Ke3 54.Kg2 g4 55.Ra2 Rd3 56.Ra8 Ke2
57.Re8+ Re3 58.Rf8 f3+ 59.Kg3 f2+ 60.Kg2 Rf3 61.Re8+ Kd2 62.Kf1 Rf4  1/2-1/2

[Event "WY BU16 2012"]
[Site "Maribor SLO"]
[Date "2012.11.16"]
[Round "9.27"]
[White "Liu,Yi"]
[Black "Urbanc,P"]
[Result "1-0"]
[WhiteElo "2152"]
[BlackElo "1962"]

1.d4 Nf6 2.c4 g6 3.Nc3 Bg7 4.e4 d6 5.Be2 O-O 6.Nf3 e5 7.O-O Nc6 8.d5 Ne7
9.Ne1 Nd7 10.Nd3 f5 11.Bd2 Nf6 12.f3 f4 13.c5 g5 14.Rc1 Ng6 15.Nb5 Rf7 16.Ba5 b6
17.cxd6 cxd6 18.Be1 g4 19.Rc6 Bf8 20.Qc2 gxf3 21.Bxf3 Rg7 22.Nc7 Rb8 23.Ne6 Bxe6
24.dxe6 Ne7 25.Rc3 d5 26.Bh4 dxe4 27.Bxf6 exf3 28.Rxf3 e4 29.Rxf4 exd3 30.Rxd3 Qe8
31.Bxg7 Bxg7 32.Rd7 Bf8 33.Rf7 Ng6 34.Qc3 Ne7 35.Rdxe7 Qxe7 36.Rxe7 Bxe7
37.Qg3+  1-0

[Event "WY BU14 2012"]
[Site "Maribor SLO"]
[Date "2012.11.17"]
[Round "10.49"]
[White "Gamage,Chathulanka"]
[Black "Nayhebaver,Martin"]
[Result "0-1"]
[WhiteElo "1663"]
[BlackElo "2144"]

1.d4 Nf6 2.c4 g6 3.Nc3 Bg7 4.e4 O-O 5.Nf3 d6 6.Be2 e5 7.O-O Nc6 8.d5 Ne7
9.Ne1 Nd7 10.Nd3 f5 11.Bd2 Nf6 12.f3 c5 13.dxc6 bxc6 14.b4 Qc7 15.Rc1 Be6
16.c5 d5 17.exd5 Nexd5 18.Qa4 Nxc3 19.Bxc3 Nd5 20.Bd2 e4 21.fxe4 fxe4  0-1

[Event "TCh-HUN 2012-13"]
[Site "Budapest HUN"]
[Date "2012.11.18"]
[Round "4"]
[White "Galyas,M"]
[Black "Grimm,D"]
[Result "1-0"]
[WhiteElo "2429"]
[BlackElo "2151"]

1.d4 Nf6 2.c4 g6 3.Nc3 Bg7 4.e4 d6 5.Nf3 O-O 6.Be2 e5 7.O-O Nc6 8.Be3 Ng4
9.Bg5 f6 10.Bc1 f5 11.Bg5 Qe8 12.d5 Nd8 13.Nd2 Nf7 14.Bh4 Nf6 15.f3 f4 16.Bf2 Qe7
17.b4 g5 18.c5 h5 19.Rc1 g4 20.Nb5 Ng5 21.cxd6 cxd6 22.Kh1 h4 23.Bxh4 g3
24.Bxg5 Qf7 25.Rxc8 Rfxc8 26.Nxd6 Qh5 27.h3 Nh7 28.Be7 Rc7 29.Nf5 Rxe7 30.Nxe7+ Kf8
31.Re1 Ng5 32.Bf1 Kxe7 33.Qc2  1-0

[Event "8th Chervonograd IM"]
[Site "Chervonograd UKR"]
[Date "2012.11.18"]
[Round "9.4"]
[White "Tovmasian,V"]
[Black "Terletsky,O"]
[Result "1/2-1/2"]
[WhiteElo "2436"]
[BlackElo "2259"]

1.d4 Nf6 2.c4 g6 3.Nc3 Bg7 4.Nf3 O-O 5.e4 d6 6.Be2 e5 7.O-O Nc6 8.d5 Ne7
9.Ne1 Nd7 10.Nd3 f5 11.Bd2 Nf6 12.f3 f4 13.c5 g5 14.cxd6 cxd6 15.h3 Ng6 16.Qc2 Rf7
17.Rfc1 Bf8 18.Nf2 h5 19.Nb5 Ne8 20.Nxa7 Rc7 21.Ba5 Rxc2 22.Bxd8 Rxe2 23.Nxc8 Ra4
24.Bxg5 Rxb2 25.a3 Rb3 26.Rc2 Rbxa3 27.Rxa3 Rxa3 28.Rb2 Ra8 29.Nb6 Ra1+ 30.Kh2 Be7
31.Bxe7 Nxe7 32.Nc4 Ra7 33.Nd1 Nc8 34.Nb6 Nxb6 35.Rxb6 Ra1 36.Nc3 Rc1 37.Nb5 h4
38.Rxb7 Nf6 39.Na3 Rc3 40.Rb8+ Kh7 41.Nb5 Rc1 42.Na3  1/2-1/2

[Event "Plzen Open 2012"]
[Site "Plzen CZE"]
[Date "2012.11.19"]
[Round "2"]
[White "Ilandzis,S"]
[Black "Vykouk,Jan"]
[Result "1/2-1/2"]
[WhiteElo "2179"]
[BlackElo "1962"]

1.d4 Nf6 2.c4 g6 3.Nc3 Bg7 4.e4 d6 5.Nf3 O-O 6.Be2 e5 7.O-O Nc6 8.d5 Ne7
9.b4 c6 10.dxc6 bxc6 11.b5 d5 12.Ba3 Re8 13.bxc6 d4 14.Nb5 Nxc6 15.Nd6 Re6
16.c5 Rxd6 17.cxd6 Nxe4 18.Qc1 Nc3 19.Re1 e4 20.Ng5 d3 21.Bd1 Nd4 22.Nxe4 Nxd1  1/2-1/2

[Event "22nd World Seniors Open"]
[Site "Kamena Vourla GRE"]
[Date "2012.11.23"]
[Round "10.4"]
[White "Kakageldyev,A"]
[Black "Balashov,Y"]
[Result "1/2-1/2"]
[WhiteElo "2375"]
[BlackElo "2475"]

1.d4 Nf6 2.c4 g6 3.Nc3 Bg7 4.e4 d6 5.Nf3 O-O 6.Be2 e5 7.O-O Nc6 8.Be3 Re8
9.dxe5 dxe5 10.h3 Be6 11.Re1 a6 12.Bf1 Qxd1 13.Raxd1 Rad8 14.Nd5 Rc8 15.Ng5 Nd7
16.Nxe6 fxe6 17.Nc3 Nd4 18.Bxd4 exd4 19.Ne2 e5 20.Nc1 Nc5 21.Nd3 Bf8 22.g3 Rcd8
23.Kg2 Bd6 24.Nxc5 Bxc5 25.Rd3 Rf8 26.Red1 a5 27.R1d2 Rf6 28.Rf3 Rdf8  1/2-1/2

[Event "TCh-SVK Extraliga 2012-13"]
[Site "Slovakia SVK"]
[Date "2012.11.24"]
[Round "3.6"]
[White "Gorusa,M"]
[Black "Nayhebaver,Martin"]
[Result "0-1"]
[WhiteElo "2167"]
[BlackElo "2144"]

1.d4 Nf6 2.c4 g6 3.Nf3 Bg7 4.Nc3 O-O 5.e4 d6 6.Be2 e5 7.O-O Nc6 8.d5 Ne7
9.Ne1 Nd7 10.Be3 f5 11.f3 f4 12.Bf2 g5 13.Nd3 Nf6 14.c5 Ng6 15.Rc1 Rf7 16.cxd6 cxd6
17.Nb5 g4 18.Kh1 a6 19.Nc3 g3 20.hxg3 Nh5 21.gxf4 exf4 22.Qe1 Qg5 23.Kh2 Qh6
24.Kg1 Ne5 25.Qd2 Nc4 26.Qe1 Qg5 27.Kh2 Bxc3 28.Rxc3 Rg7 29.Rg1 Qh6 30.Nxf4 Nxf4+  0-1

[Event "ch-Commonwealth 2012"]
[Site "Chennai IND"]
[Date "2012.11.26"]
[Round "6"]
[White "Laxman,R"]
[Black "Saranya,J"]
[Result "1/2-1/2"]
[WhiteElo "2461"]
[BlackElo "2166"]

1.Nf3 Nf6 2.c4 g6 3.Nc3 Bg7 4.e4 d6 5.d4 O-O 6.Be2 e5 7.O-O Nc6 8.d5 Ne7
9.b4 Nh5 10.Re1 f5 11.Ng5 Nf6 12.Bf3 fxe4 13.Ncxe4 Nf5 14.Bb2 Nh4 15.Be2 h6
16.Nxf6+ Qxf6 17.Ne4 Qf7 18.Bd3 Bf5 19.Qe2 g5 20.f3 Qg6 21.Nf2 Bxd3 22.Nxd3 h5
23.Qe4 Rf5 24.Re2 Raf8 25.h3 Qf6 26.Kh2 Ng6 27.Bc1 Bh6 28.Be3 b6 29.Rc1 Nh4
30.c5 g4 31.fxg4 Bxe3 32.Qxe3 hxg4 33.hxg4 Nf3+ 34.gxf3 Rxf3 35.Qe4 Qh6+
36.Kg1 Rg3+ 37.Rg2 Rh3 38.Rf2 Rg3+ 39.Rg2 Rh3 40.Rf2 Rg3+ 41.Rg2 Rh3  1/2-1/2

[Event "Doroshkevicha Mem Open 2012"]
[Site "Sochi RUS"]
[Date "2012.11.27"]
[Round "2"]
[White "Landa,K"]
[Black "Yandarbiev,R"]
[Result "1-0"]
[WhiteElo "2640"]
[BlackElo "2356"]

1.Nf3 Nf6 2.c4 g6 3.Nc3 Bg7 4.e4 d6 5.d4 O-O 6.Be2 e5 7.O-O Nc6 8.d5 Ne7
9.b4 a5 10.Ba3 b6 11.bxa5 Nd7 12.Bb4 bxa5 13.Ba3 Nc5 14.Ne1 Ba6 15.Bxc5 dxc5
16.Na4 Qd6 17.Rc1 c6 18.Nd3 cxd5 19.cxd5 Bxd3 20.Bxd3 Rfc8 21.Rc4 Rab8 22.Qd2 Rb4
23.Rfc1 Rcb8 24.g3 h5 25.Qe3 Kh7 26.Qxc5 Qf6 27.d6 R4b5 28.Qa3 Bh6 29.dxe7 Bxc1
30.Qxc1 R5b7 31.Nc3 Qxe7 32.Nd5 Qd8 33.Qc3 f6 34.Rc6 Rf7 35.a4 g5 36.Bb5 Kg7
37.Qf3 h4 38.gxh4 gxh4 39.Qg4+ Kf8 40.Qxh4  1-0

[Event "Doroshkevicha Mem Open 2012"]
[Site "Sochi RUS"]
[Date "2012.11.27"]
[Round "2"]
[White "Tunik,G"]
[Black "Trubchaninov,Timur"]
[Result "1/2-1/2"]
[WhiteElo "2442"]
[BlackElo "1939"]

1.d4 Nf6 2.c4 g6 3.Nc3 Bg7 4.e4 d6 5.Nf3 O-O 6.Be2 e5 7.O-O Nc6 8.d5 Ne7
9.b4 Nh5 10.g3 f5 11.Ng5 Nf6 12.Bf3 c6 13.Rb1 h6 14.Ne6 Bxe6 15.dxe6 fxe4
16.Bg2 d5 17.b5 Qd6 18.bxc6 bxc6 19.cxd5 cxd5 20.Rb7 Rfb8 21.Rxe7 Qxe7 22.Nxd5 Nxd5
23.Qxd5 Rd8 24.Qc6 Rac8 25.Qa6 Qd6 26.Qxa7 Qxe6 27.Bxe4 Kh7 28.Be3 Rc4 29.Qb7 Rxe4
30.Qxe4 Qxa2 31.Rc1 Qd5 32.Qxd5 Rxd5 33.Rc4 Rd7 34.Kg2 Rf7 35.Rc6 h5 36.Re6 Bf6
37.Bc5 Kg7 38.Bd6 Rb7 39.Bxe5 Bxe5 40.Rxe5 Rb2 41.Re4 Ra2 42.h3 Rb2 43.Kf3 Rb3+
44.Re3 Rb2 45.Rd3 Kf6 46.Ke3 Rb1 47.Rd6+ Kf5 48.Rd5+ Ke6 49.Rc5 Rb3+ 50.Kf4 Kf6
51.Rc6+ Kg7 52.Kg5 Rb5+ 53.Kh4 Rb4+ 54.f4 Kh6 55.Rf6 Ra4 56.g4 hxg4 57.hxg4 Kg7
58.Rb6 Rxf4 59.Kg5 Rf8 60.Rxg6+ Kh8 61.Kh6 Ra8 62.Re6 Kg8 63.g5 Rb8  1/2-1/2

[Event "TCh-SWE Elite 2012-13"]
[Site "Sweden SWE"]
[Date "2012.12.01"]
[Round "4"]
[White "Vernersson,P"]
[Black "Nithander,V"]
[Result "1/2-1/2"]
[WhiteElo "2362"]
[BlackElo "2443"]

1.Nf3 g6 2.d4 Bg7 3.e4 d6 4.c4 Nf6 5.Nc3 O-O 6.Be2 e5 7.O-O Nc6 8.d5 Ne7
9.Ne1 Ne8 10.Nd3 f5 11.Bd2 Nf6 12.f3 Kh8 13.b4 c6 14.a4 f4 15.a5 g5 16.g4 fxg3
17.hxg3 cxd5 18.cxd5 Qe8 19.Kg2 Qg6 20.Nf2 Bd7 21.Rh1 Rac8 22.Rc1 Rc7 23.Be3 a6
24.Bb6 Rcc8 25.Qd3 g4 26.Nxg4 Nxg4 27.fxg4 Bxg4 28.Bxg4 Qxg4 29.Qe2 Qg5 30.Be3 Qg6
31.Qd3 Ng8 32.Ne2 Nf6 33.Rxc8 Rxc8 34.Rh4 Ng4 35.Bb6 Bf6 36.Rh1 Bg5 37.Rf1 h5
38.Rf5 Kg7 39.Nc3 h4 40.gxh4 Bxh4 41.Kf1 Nh2+ 42.Ke2 Qg2+ 43.Bf2 Qf1+ 44.Kd2 Bxf2  1/2-1/2